000 00711nam a22002177a 4500
003 OSt
005 20191029062532.0
008 180226b xxu||||| |||| 00| 0 spa d
020 _a9505083211
040 _cPJ
100 _9769
_aLópez Rosas, José Rafael
245 1 0 _aHistoria constitucional argentina /
_cJosé Rafael López Rosas; prólogo de Germán J. Bidart Campos.
250 _a4a. ed. act.
260 _aBuenos Aires :
_bAstrea,
_c1992.
300 _aXXIII, 664 p.
_c20 cm.
500 _aBibliografía y notas al pie de página.
650 0 _aDERECHO CONSTITUCIONAL
_9178
650 0 _aHISTORIA CONSTITUCIONAL
_9425
651 0 _9232
_aARGENTINA
942 _2udc
_cLIB
_h342(82)(091)
_iLOP
999 _c566
_d566